Statistiken für Deutsche Lieder nach Buchstabe - I

Klicken Sie hier um das Quiz zu spielen!

Allgemein

  • Dieses Quiz wurde 147 mal gespielt
  • Das Durchschnittsergebnis liegt bei 7 aus 18

Antwortstatistiken

TitelInterpret% Korrekt
Ich war noch niemals in New YorkUdo Jürgens
89%
I sing a Liad für diAndreas Gabalier
76%
Ich lass für dich das Licht anRevolverheld
68%
Ich will SpaßMarkus
50%
Ich bin Ich (Wir sind Wir)Rosenstolz
50%
Ich will nur dass du weißtSDP feat. Adel Tawil
49%
Irgendwas bleibtSilbermond
48%
Im AscheregenCasper
40%
Ich will keine SchokoladeTrude Herr
37%
Ich möcht’ so gern Dave Dudley hör’nTruck Stop
29%
Immer wenn wir uns sehnLea, Cyril
28%
I am from AustriaRainhard Fendrich
22%
Ich sterb für dichVanessa Mai
18%
Ich trau mich nichtApeCrime
16%
Ich würd' lügenKayef
16%
Irgendwann bleib i dann dortS.T.S.
12%
Ich liebe dichClowns & Helden
8%
Immer wiederRooz, MoTrip
5%

Verteilung der Resultate

Perzentil nach korrekt beantworteten Fragen

Anzahl Personen mit jedem Resultat

Ihre Resultats-Entwicklung

Sie haben dieses Quiz noch nicht gespielt